Представление документа в формате MARC21

ПолеНазваниеЗначение
  Тип записи a
  Библиографический уровень m
001 Контрольный номер RU/URAIT/587902
005 Дата корректировки 20260429163710.6
008 Кодируемые данные 260429s2026 RU y f j 000 0 rus u
020 Индекс ISBN __
a ISBN 978-5-534-12396-8
c Цена, тираж 2069.00
040 Источник каталогиз. __
a Служба первич. каталог. ИКО Юрайт
c Служба, преобразующая запись ИКО Юрайт
e Правила каталог. RCR
041 Код языка издания __
a Код языка текста rus
044 Код страны публикации __
a Код страны публикации RU
080 Индекс УДК __
a Индекс УДК 340.1(075.8)
084 Индекс другой классификации/Индекс ББК __
2 Источник индекса rubbk
a Индекс другой классификации/Индекс ББК 67.0я73
100 Автор __
a Автор Протасов В. Н.
q Полное имя Протасов Валерий Николаевич
245 Заглавие __
a Заглавие Теория государства и права. Практикум
b Продолж. заглавия учебник для вузов
c Ответственность В. Н. Протасов.
256 Характеристики компьютерного файла __
a Характеристики компьютерного файла Электрон. дан.
260 Выходные данные __
a Место издания Москва
b Издательство Юрайт
c Дата издания 2026
300 Физическое описание __
a Объем 397 с
440 Серия __
a Серия Высшее образование
500 Примечания __
a Примечание URL: https://urait.ru/bcode/587902 (дата обращения: 29.04.2026).
520 Аннотация __
a Аннотация Учебное пособие содержит словарь терминов (глоссарий), схемы, тесты разных видов и разнообразные практические задания (задачи) по общей теории права и теории государства. Назначение пособия — выступить эффективным дополнительным средством освоения учебной дисциплины «Теория государства и права». Предложенный в учебном издании обучающий инструментарий для ряда аспектов изучения и преподавания теоретического курса подходит вполне органично, а в некоторых случаях незаменим. Важное место такой подход занимает в дистанционном образовании. Соответствует актуальным требованиям Федерального государственного образовательного стандарта высшего образования. Для студентов и преподавателей юридических вузов.
538 Прим. о системных особенностях __
a Прим. о системных особенностях Режим доступа: Электронно-библиотечная система Юрайт, для авториз. пользователей
653 Ключевые слова __
a Ключевые слова Основы государства и права. Теория государства и права
653 Ключевые слова __
a Ключевые слова Юридические науки
653 Ключевые слова __
a Ключевые слова Теория государства и права
653 Ключевые слова __
a Ключевые слова Общая теория права и государства
653 Ключевые слова __
a Ключевые слова Основы государства и права
653 Ключевые слова __
a Ключевые слова Общая теория государства и права
856 Электронный адрес документа 40
n Местонахождение сервера Юрайт
g Электронная книга
q Тип электронного формата html
h Имя пользователя ЮРАЙТ
v Часы доступа к ресурсу 20271231
2 Способ доступа Показать документ
x Служебное примечание https://urait.ru/book/cover/EDC7E2A5-1541-4363-B3FE-F93FA7A4B6C6
u URL https://urait.ru/bcode/587902
856 Электронный адрес документа 48
q Тип электронного формата cover
u URL https://urait.ru/book/cover/EDC7E2A5-1541-4363-B3FE-F93FA7A4B6C6
911 __
u 0030=https://urait.ru/bcode/587902
911 __
u 073a=9785534123968
u 073d=2069.00
911 __
u 106a=s
911 __
u 900l=
952 Тип литературы __
i Дисциплина Теория государства и права
952 Тип литературы __
i Дисциплина Общая теория права и государства
952 Тип литературы __
i Дисциплина Основы государства и права
952 Тип литературы __
i Дисциплина Общая теория государства и права